01242nam a2200217Ia 4500003000400000005001700004008004100021020001500062020001500077040002900092050002400121100006400145245008600209250001600295260004000311300001000351520059300361650001600954650003400970650002001004OSt20260324123455.0221021s9999||||xx |||||||||||||| ||und|| a0130920541 a0536724458 cChuka University Library aQA 37.2b.B37 2002  aBarnett, Raymond A., Michael R. Ziegler and Karl E. Byleen. 0a College Mathematics: For Business, Economics, Life Sciences and Social Sciences. a9th edition aBoston.bPearson Custom Pub.c2002. a447p. aThis book covers mathematics of finance, linear algebra, linear programming, probability, and descriptive statistics, with an emphasis on cross-discipline principles and practices. Designed to be reader-friendly and accessible, it develops a thorough, functional understanding of mathematical concepts in preparation for their application in other areas. Each chapter concentrates on developing concepts and ideas followed immediately by developing computational skills and problem solving. Three-part coverage presents a library of elementary functions, finite mathematics, and calculus. aMathematics aSocial sciences xMathematics aBiomathematics.